000 00941nam a22002777a 4500
001 BRCA_9430
003 FranzMayer
005 20230918130738.0
008 230906b |||||||| |||| 00| 0 eng d
020 _a2761917618
040 _aMFM
_bESPAÑOL
_cMFM
050 0 _aND249.S8A4
_bL33 2002
100 1 _4Autor
_aLacroix, Laurier
_929696
240 _aSuzor-coté light and matter
_lInglés
245 0 _aSuzor-coté light and matter
260 _aQuebec, Canada
_bGalería de arte de Canadá
_c2002
300 _a383 p
_bIlustraciones a color
_c29 cm
500 _aAnexo 1
505 _aTexto en: inglés Traducido del: fráncesIncluye índice temático
650 1 _2Suzor-Coté (1869-1955)
651 2 _2Canadá
_aMuseos canadienses
_vGaleria de arte de Canadá
_929697
700 1 _4Dir.
_aOuellet, Line
_929698
700 1 _4Inv
_aSaint-Georges, Sylvie
_929699
700 1 _4Trad.
_aMacMiller, Neil
_929700
942 _2lcc
_cB
999 _c11052
_d11052